Регионална библиотека "Любен Каравелов" - Русе

Тютюн (Запис номер 493636)

MARC детайли
000 -Лидер
Лидер 01367nac a2200373 a 4500
001 - Контролен номер на записа
Контролен № 493638
003 - Код на организацията, давaща контролен номер
Код на организацията, даваща контролен номер BLK
005 - Дата и час на последна редакция
Дата и час на последна редакция 20250610094647.0
007 - Фиксирано поле за физическо описани
Физическо описание ta
008 - Елементи от данни с фиксирана дължина
Елементи с фиксирана дължина 180408b bul|||||r ||||||| ||bul||
010 ## - Наследен системен номер
LC control number KNG00096247000
020 ## - Международен стандартен номер на книга ISBN
ISBN 9789542837268
040 ## - Източник на каталожния запис
Код на библиотеката BLK
041 ## - Код за език
Език Български
Език за КДБФ Български
080 ## - УДК
УДК текст Българска литература
УДК код 821.163.2
УДК – определител -31
УДК – код + определител 821.163.2-31
100 1# - Редна дума - Автор
Автор Димов, Димитър Тодоров
R(LIN) 364841
245 10 - Сведения за заглавието
Заглавие Тютюн
Подзаглавни данни Роман : Т. 1 - 2
Авторска отговорност Димитър Тодоров Димов.
Том Т. 2
250 ## - Област на изданието
Поредност на изданието 17. изд.
257 ## - Страна на издаване
Страна на създаване/издаване България
260 ## - Област на издателските данни
Година на издаване 2021
Печатница ([В. Търново] : Абагар)
9 (RLIN) 217021
Място на издаване София
Име на издателя Сиела Норма
300 ## - Физическа характеристика
Размер 22 см
Брой страници 415 с.
380 ## - Жанр
Жанр Худож. лит.
490 ## - СЕРИИ (Колекции)
Серия Популярна класика
9 (RLIN) 201500
ISSN на серия C625-8786
500 ## - Общи забележки
Обща забележка 1. изд. 1951 на изд. Нар. култура. - Офс. изд.
773 08 - Описание на основна библиографска единица при аналитични записи (многотомни)
Заглавие на основния документ Тютюн
Контролен номер на записа 493638
Информация за връзката Част от:
Редна дума на основното описание Димов, Димитър Тодоров
Място на издаване, издател и година София : Ciela, 2021
856 4# - Електронен адрес и достъп
Електронен формат pdf - файл
Инструкция (цена за достъп) 0.00
Права за достъп disable
856 4# - Електронен адрес и достъп
Електронен формат pdf - файл
Инструкция (цена за достъп) 0.00
Права за достъп disable
942 ## - АРТИКУЛИ
Вид на библиотечния документ Книги
Скрит в OPAC Не
Koha issues (borrowed), all copies 242
Периодичен библиозапис Да
944 ## - СЪЗДАВАНЕ И РЕДАКЦИЯ на ЗАПИСА
Дата на регистрацията/редакция Виолета Тройчева
Служител, извършил регистрацията/редакцията 30542
Номер на служител Русанова Ирена
999 ## - СИСТЕМНИ КОНТРОЛНИ НОМЕРА
Koha biblionumber 493636
Koha biblioitemnumber 493636
999 ## - СИСТЕМНИ КОНТРОЛНИ НОМЕРА
Koha biblioitemnumber 493636
999 ## - СИСТЕМНИ КОНТРОЛНИ НОМЕРА
Koha biblioitemnumber 493636
999 ## - СИСТЕМНИ КОНТРОЛНИ НОМЕРА
Koha biblioitemnumber 91490
Наличности
Код за отписване Код за изгубен артикул Източник на класификационната схема Код за повреда Код за отдаване Артикулен № Име на библиотеката - собственик Име на библиотеката, в която се намира в момента Статус (Текущо местоположение) Дата на вписване в системата Местоположение - отдел Цена в лева Инвентарен номер Систематично азбучна сигнатура Баркод Цена в евро Служебен тип на артикула
  Не е изгубен Universal Decimal Classification Не е повреден заемане за дома 932101 Регионална библиотека "Любен Каравелов" Русе Регионална библиотека "Любен Каравелов" Русе Заемна - подръчен фонд 2023-08-08 Заемна - подръчен фонд 45.00 120000891274 821.163.2-31/Д 60 Д 120000891274 23.01 Книги
  Не е изгубен Universal Decimal Classification Не е повреден заемане за дома 932102 Регионална библиотека "Любен Каравелов" Русе Регионална библиотека "Любен Каравелов" Русе Заемна - подръчен фонд 2023-08-08 Заемна - подръчен фонд 45.00 120000891272 821.163.2-31/Д 60 Д 120000891272 23.01 Книги
  Не е изгубен Universal Decimal Classification Не е повреден заемане за дома 932103 Регионална библиотека "Любен Каравелов" Русе Регионална библиотека "Любен Каравелов" Русе Заемна - подръчен фонд 2023-08-08 Заемна - подръчен фонд 45.00 120000891273 821.163.2-31/Д 60 Д 120000891273 23.01 Книги
Vip Innovations Ltd, Rousse, Bulgaria 2025